2022 World Cup Groups - Statistics

General Stats
  • This quiz has been taken 17 times
  • The average score is 30 of 32
Answer Stats
Hint Answer % Correct
Group D Australia
100%
Group F Belgium
100%
Group G Brazil
100%
Group B England
100%
Group D France
100%
Group E Germany
100%
Group B Iran
100%
Group C Mexico
100%
Group F Morocco
100%
Group A Netherlands
100%
Group C Poland
100%
Group H Portugal
100%
Group A Qatar
100%
Group C Saudi Arabia
100%
Group A Senegal
100%
Group E Spain
100%
Group B United States
100%
Group H Uruguay
100%
Group C Argentina
93%
Group F Canada
93%
Group F Croatia
93%
Group D Denmark
93%
Group A Ecuador
93%
Group E Japan
93%
Group H South Korea
93%
Group G Switzerland
93%
Group G Cameroon
87%
Group E Costa Rica
87%
Group H Ghana
87%
Group G Serbia
87%
Group D Tunisia
80%
Group B Wales
73%
No matching quizzes found
Score Distribution
Percent of People with Each Score
Percentile by Number Answered
Your Score History
You have not taken this quiz